A könnymutatványosok legendája [regényrészlet] /
Elmentve itt :
| Szerző: | |
|---|---|
| Dokumentumtípus: | Cikk |
| Megjelent: |
1997
|
| Sorozat: | Tiszatáj
51 No. 10 |
| Kulcsszavak: | Magyar irodalom - regény |
| Online Access: | http://tiszataj.bibl.u-szeged.hu/16651 |
| LEADER | 00606nab a2200181 i 4500 | ||
|---|---|---|---|
| 001 | tisza16651 | ||
| 005 | 20200330155301.0 | ||
| 008 | 170508s1997 hu o 0|| hun d | ||
| 022 | |a 0133-1167 | ||
| 040 | |a SZTE Tiszatáj Archívum |b hun | ||
| 041 | |a hun | ||
| 100 | 1 | |a Darvasi László | |
| 245 | 1 | 2 | |a A könnymutatványosok legendája |h [elektronikus dokumentum] : |b [regényrészlet] / |c Darvasi László |
| 260 | |c 1997 | ||
| 300 | |a 5-14 | ||
| 490 | 0 | |a Tiszatáj |v 51 No. 10 | |
| 695 | |a Magyar irodalom - regény | ||
| 856 | 4 | 0 | |u http://tiszataj.bibl.u-szeged.hu/16651/1/tiszataj_1997_010_005-014.pdf |z Dokumentum-elérés |